000 00314nam a2200145Ia 4500
100 _aNISHITESH
650 _aCommunication skills
942 _cBK
366 _f20
245 _aSOFT SKILLS AND LIFE SKILLS
260 _bBSC PUBL.
_aHyderabad
_c2012
082 _a371.2/NIS
300 _a261
546 _aENGLISH
999 _c30623
_d30623